000 00724nam a2200277Ia 4500
001 Para_9522
003 CHAP
008 220125s2006 xx 000 0 und d
010 _a208196
040 _cCHAP
082 _a635.92 B8
100 _aBureaux, Claude
_9174547
245 _aSOS del jardinero /
_c por Claude Bureaux
260 _aBarcelona :
_b De Vecchi
300 _a173 p.
503 _aC/e (ej.1)
650 _aPlantas ornamentales
_x enfermedades
_989062
650 _aPlantas ornamentales
_x plagas
_989072
901 _a635.92 B8
902 _aM
905 _a0000002006 a 0000000000 00
910 _a2006
942 _cPARA
942 _cPARA
_d1
999 _c208196
_d208196